Proyecto docente : diversidad y respuesta psiocopedagógica : plan de trabajo /

Detalles Bibliográficos
Autor principal: Bausela Herreras, Esperanza (Autor)
Formato: Electrónico eBook
Lenguaje:español
Publicado: Madrid : Editorial Dykinson, S.L., [2023]
Materias:
Acceso en línea:Digitalia Hispánica

MARC

LEADER 00000nam a2200000 i 4500
001 DIGDYK3332
003 NyNyDIG
007 cr |||||||||||
008 240619s2023 sp a ob 000 0 spa d
006 m o d
035 |a (OCoLC)1420920865 
040 |a DGITA  |b eng  |e rda  |e pn  |c DGITA 
020 |a 9788411708326  |q eBook 
050 1 4 |a LC1200 ebook 
100 1 |a Bausela Herreras, Esperanza,  |e author. 
245 1 0 |a Proyecto docente :  |b diversidad y respuesta psiocopedagógica : plan de trabajo /  |c Esperanza Bausela Herreras. 
264 1 |a Madrid :  |b Editorial Dykinson, S.L.,  |c [2023] 
300 |a 1 online resource :  |b illustrations. 
336 |a text  |b txt  |2 rdacontent 
337 |a computer  |b c  |2 rdamedia 
338 |a online resource  |b cr  |2 rdacarrier 
347 |a text file  |2 rdaft 
347 |b PDF 
504 |a Includes bibliographical references. 
588 0 |a Online resource; title from PDF title page (Digitalia, viewed June 19, 2024) 
650 0 |a Inclusive education. 
650 0 |a Students with disabilities. 
791 2 |a Digitalia (Firm),  |e distributor. 
793 0 |g Digitalia eBook Collection:  |a Dykinson Editorial 
856 4 0 |3 Digitalia Hispánica  |u https://www.digitaliapublishing.com/a/143986/ 
910 |a Premium collection: 2024